MARC

LEADER 00000nam0a2200000 4500
001 312553
005 20231102002509.0
035 |a (RuTPU)RU\TPU\book\337922 
090 |a 312553 
100 |a 20151224d1968 m y0rusy50 ca 
101 0 |a rus 
102 |a RU 
105 |a a j 001zy 
200 1 |a Теория механизмов и машин и детали машин. (Краткий курс)  |e учебник  |f Н. А. Ковалев 
210 |a Москва  |c Высшая школа  |d 1968 
215 |a 335 с.  |c ил. 
320 |a Библиогр.: с. 331-332. 
606 1 |a Механизмы и машины  |x Теория  |2 stltpush  |3 (RuTPU)RU\TPU\subj\64695  |9 81456 
606 1 |a Детали машин  |2 stltpush  |3 (RuTPU)RU\TPU\subj\9144  |9 36422 
610 1 |a учебники 
610 1 |a прочность 
610 1 |a технологичность 
610 1 |a взаимозаменяемость 
610 1 |a кинематика 
610 1 |a скольжение 
610 1 |a трение 
610 1 |a смазка 
610 1 |a кулачковые механизмы 
610 1 |a зубчатые передачи 
610 1 |a винтовые механизмы 
610 1 |a червячные передачи 
610 1 |a трение 
610 1 |a фрикционные механизмы 
610 1 |a соединения 
610 1 |a валы 
610 1 |a муфты 
675 |a 621.01(075.8)  |v 4 
675 |a 621.81(075.8)  |v 4 
700 1 |a Ковалев  |b Н. А.  |g Николай Александрович 
801 1 |a RU  |b 63413507  |c 20151224 
801 2 |a RU  |b 63413507  |c 20161012  |g RCR 
942 |c BK